000 00659nam a22002057a 4500
003 OSt
005 20250310011340.0
008 250310t2018 |||||||| |||| 00| | eng d
020 _a978-621-8029-17-0
040 _cJMCFI - Learning Resource Center
082 _aFil./B.Acctg. 657.044 M645 2018
100 _aMilla, Zeus Vernon B
_915163
245 _aIntermediate accounting 3 /
_cZeus Vernon B. Millan.
250 _a2018 edition.
260 _aBaguio City :
_bNation's Foremost CPA Review Inc.,
_c2018.
300 _axii, 691 pages ;
_c21 cm
650 _aAccounting.
_91481
650 _aIntermediate accounting.
_91461
942 _2ddc
_cBK
_e2018 edition
_n0
999 _c5312
_d5312